[Event "Peterborough 4NCL Easter U1700 op"]
[Site "Peterborough"]
[Date "2024.03.31"]
[Round "4"]
[White "Gibbs, John"]
[Black "Butler, Rene"]
[Result "1/2-1/2"]
[WhiteElo "1699"]
[BlackElo "1524"]
[PlyCount "44"]
[EventDate "2024.03.29"]
[EventType "swiss"]
[EventRounds "7"]
[EventCountry "ENG"]
[SourceTitle "CB14_2024"]
[SourceDate "2024.04.01"]
[SourceVersion "1"]
[SourceVersionDate "2024.04.01"]
[SourceQuality "1"]

1. e4 d5 2. exd5 Nf6 3. d4 Nxd5 4. Nf3 Bf5 5. a3 e6 6. c4 Nf6 7. Bg5 Be7 8. Bd3 Bxd3 9. Qxd3 Nbd7 10. Nc3 c5 11. d5 exd5 12. cxd5 Qb6 13. 0-0 0-0 14. Rfe1 Bd6 15. Re2 h6 16. Be3 Rfe8 17. Rae1 a6 18. Qd2 Kh7 19. Qc2+ Kg8 20. b4 Qc7 21. bxc5 Nxc5 22. Bxc5 Qxc5 1/2-1/2